|
|
|
|
| LEADER |
01253nam a2200349 a 4500 |
| 001 |
EBC3022219 |
| 003 |
MiAaPQ |
| 005 |
20200520144314.0 |
| 006 |
m o d | |
| 007 |
cr cn||||||||| |
| 008 |
051101s2006 nyuad sb 001 0 eng d |
| 010 |
|
|
|z 2005031854
|
| 020 |
|
|
|z 1594548250
|
| 020 |
|
|
|z 9781594548253
|
| 020 |
|
|
|a 9781613240472 (electronic bk.)
|
| 035 |
|
|
|a (MiAaPQ)EBC3022219
|
| 035 |
|
|
|a (Au-PeEL)EBL3022219
|
| 035 |
|
|
|a (CaPaEBR)ebr10698266
|
| 035 |
|
|
|a (OCoLC)923668196
|
| 040 |
|
|
|a MiAaPQ
|c MiAaPQ
|d MiAaPQ
|
| 050 |
|
4 |
|a HG229
|b .T738 2006
|
| 082 |
0 |
4 |
|a 332.4/1
|2 22
|
| 245 |
0 |
0 |
|a Trends in inflation research
|h [electronic resource] /
|c Barbara T. Credan, editor.
|
| 260 |
|
|
|a New York :
|b Nova Science Publishers,
|c c2006.
|
| 300 |
|
|
|a x, 238 p. :
|b ill.
|
| 504 |
|
|
|a Includes bibliographical references and index.
|
| 533 |
|
|
|a Electronic reproduction. Ann Arbor, MI : ProQuest, 2015. Available via World Wide Web. Access may be limited to ProQuest affiliated libraries.
|
| 650 |
|
0 |
|a Inflation (Finance)
|x Research.
|
| 655 |
|
4 |
|a Electronic books.
|
| 700 |
1 |
|
|a Credan, Barbara T.
|
| 710 |
2 |
|
|a ProQuest (Firm)
|
| 856 |
4 |
0 |
|u https://ebookcentral.proquest.com/lib/matrademy/detail.action?docID=3022219
|z Click to View
|